000 00531cam a2200205 4500
001 J110641
008 000000n2000 000 0 eng u
035 _a(Sirsi) u110641
050 _a333.337
110 _aDTZ Research
_93886
245 _aCentral London developers survey - Summer 2000
260 _aLondon
_bDTZ
_c2000
300 _a4p. ; 30cm.
650 _aPROPERTY-COMMERCIAL PROPERTY
650 _aLONDON
650 _aOFFICE SPACE
650 _aTAKE-UP
690 _aPROPERTY-PROPERTY DEVELOPMENT
942 _n0
999 _c101119
_d101119